LIBRARY & INFORMATION CENTRE, KCAET, TAVANUR

ONLINE PUBLIC ACCESS CATALOGUE (OPAC)

Technical thermodynamics / (Record no. 8907)

MARC details
000 -LEADER
fixed length control field 00399cam a2200157ua 4500
041 ## - LANGUAGE CODE
Language code of text/sound track or separate title eng
082 ## - DEWEY DECIMAL CLASSIFICATION NUMBER
Classification number 621.4021
Item number SUS/TE
100 ## - MAIN ENTRY--AUTHOR NAME
Personal name Sushkov, V V .
245 ## - TITLE STATEMENT
Title Technical thermodynamics /
250 ## - EDITION STATEMENT
Edition statement 1 /
260 ## - PUBLICATION, DISTRIBUTION, ETC. (IMPRINT)
Place of publication Moscow :
Name of publisher Foreign Language Publishing House ,
Year of publication 1994.
300 ## - PHYSICAL DESCRIPTION
Number of Pages 394 ; .
942 ## - ADDED ENTRY ELEMENTS (KOHA)
Koha item type Books
Holdings
Withdrawn status Lost status Damaged status Home library Current library Date acquired Full call number Accession Number Koha item type
      KAUAET KAUAET 07/04/2012 621.4021 1858 Books
free website counter